000 03639nam a22002657a 4500
001 216218809
003 UA-OsUOA
005 20201229194256.0
008 200713b un ||||| m||| 00| 0 ukr d
040 _aUA-OsUOA
_bukr
_cUA-OsUOA
_dUA-OsUOA
041 _aukr
080 _a97(439)-058.222"1526/1657"
090 _a97(439)-058.222"1526/1657"
095 _a07.00.02
_bвсесвітня історія
100 _aЗубанич Л. Л.
245 _aСуспільно-політичний розвиток дворянських родин Північно-Східної Угорщини у 1526–1657 рр.
_cЗубанич Ласлов Ласлович ; наук. керівник Кіш Єва Бернатівна
260 _aУжгород
_c2016
300 _a21 с.
502 _6Автореферат дисертації на здобуття наукового ступеня кандидата історичних наук
_cДВНЗ "Ужгородський національний університет"
_d2016
520 _aУ дисертації на основі дослідження архівних, опублікованих та неопублікованих документів, а також наукової літератури здійснено комплексний конкретно-історичний аналіз місця та ролі дворянських родин у суспільно-політичному, економічному та культурному процесах Північно-Східної Угорщини (комітати Унг, Берег, Угоча, Мараморош) протягом 1526–1657 років. З’ясовано, що чотири комітати Північно-Східної Угорщини протягом XVI-XVIІ століть в межах унітарної держави виконували перш за все оборонну функцію, захист державних кордонів з Польщею та Молдовою. Доведено, що дворянство Північно-Східної Угорщини завдяки своєму майновому стану, шляхом перерозподілу влади успішно викопувало цілий спектр завдань, з-поміж яких головними були: збереження цілісності держави та захист його кордонів через систему прикордонних замків, а також підтримка перших закладів освіти та культури у своїх маєтках. З’ясовано, що у XVI столітті з розвитком станової держави почався і розподіл державної влади, в якому важливу роль відігравали Державні Збори — єдиний законодавчий орган, представників якого обирали дворяни. У роботі дано характеристику видатним дворянським родинам Північно-Східної Угорщини в контексті їх участі у політичних, економічних та культурних процесах протягом 1526–1657 років.
650 _2UDC
_a94 Історія
942 _2udc
_cAR
955 _a1
999 _c460711
_d460711